000 00495nam a2200145Ia 4500
008 100122s9999 xx 000 0 und d
082 _b49936
_a920
100 _aमुधोळकर रमेश
245 _aसातासमुद्रापलीकडे
260 _bपृथ्वी प्रकाशन
_c1994
300 _a79
630 _aसातासमुद्रापलीकडे
730 _aसातासमुद्रापलीकडे
942 _cBOOK
999 _c427743
_d427740